Catalog

Record Details

Catalog Search



Verschwörer im KZ : Hans von Dohnanyi und die Häftlinge des 20. Juli 1944 im KZ Sachsenhausen  Cover Image Book Book

Verschwörer im KZ : Hans von Dohnanyi und die Häftlinge des 20. Juli 1944 im KZ Sachsenhausen / Winfried Meyer (Hrsg.).

Meyer, Winfried (Compiler).

Record details

  • ISBN: 3-89468-251-5
  • Physical Description: 415 p. : ill. ; 25 cm
  • Edition: 1. Aufl.
  • Publisher: Berlin : Hentrich, 1999

Content descriptions

Bibliography, etc. Note:
Includes bibliographical references and index.
Subject: Sachsenhausen (koncentrační tábor)
Dohnanyi, Hans von, 1902-1945

Available copies

  • 1 of 1 copy available at Common Catalog SPOK.

Holds

  • 0 current holds with 1 total copy.
Show Only Available Copies
Location Call Number / Copy Notes Barcode Shelving Location Status Due Date
Terezin Initiative Institute 2848 4594302848 Knihovna ITI Available -

LDR 01334cam a2200337 a 4500
00149660
003CZ-PrJAB
00520220901115317.0
008991211s1999 gw b 001 0 ger
020 . ‡a3-89468-251-5
035 . ‡a(GyWOH)har005085299
040 . ‡aDLC ‡cDLC ‡dDLC
24500. ‡aVerschwörer im KZ : ‡bHans von Dohnanyi und die Häftlinge des 20. Juli 1944 im KZ Sachsenhausen / ‡cWinfried Meyer (Hrsg.).
250 . ‡a1. Aufl.
260 . ‡aBerlin : ‡bHentrich, ‡c1999
300 . ‡a415 p. : ‡bill. ; ‡c25 cm
4901 . ‡aSchriftenreihe der Stiftung Brandenburgische Gedenkstätten ; ‡vBd. Nr. 5
7001 . ‡aMeyer, Winfried ‡4com
504 . ‡aIncludes bibliographical references and index.
61027. ‡aSachsenhausen (koncentrační tábor) ‡7kn20030402003 ‡2czenas
60014. ‡aDohnanyi, Hans von, ‡d1902-1945
830 0. ‡aSchriftenreihe der Stiftung Brandenburgische Gedenkstätten ; ‡vNr. 5.
910 . ‡aABE340 ‡b2748
995 . ‡aska
901 . ‡a49660 ‡bAUTOGEN ‡c49660 ‡tbiblio

Additional Resources